Apartheid's contras (Record no. 84265)

MARC details
000 -LEADER
fixed length control field 01303nam a2200277 a 4500
008 - FIXED-LENGTH DATA ELEMENTS--GENERAL INFORMATION
fixed length control field 120416s1994 ||||||||||||||||| || u
020 ## - INTERNATIONAL STANDARD BOOK NUMBER
International Standard Book Number 1856492656
050 ## - LIBRARY OF CONGRESS CALL NUMBER
Classification number JC 491 Min
100 ## - MAIN ENTRY--PERSONAL NAME
Personal name Minter, William, 1942-
245 10 - TITLE STATEMENT
Title Apartheid's contras
246 ## -
-- an inquiry into the roots of war in Angola and Mozambique
260 ## - PUBLICATION, DISTRIBUTION, ETC.
Place of publication, distribution, etc. London
Name of publisher, distributor, etc. Witwatersrand University Press Zed Books
Date of publication, distribution, etc. 1994
300 ## - PHYSICAL DESCRIPTION
Extent xii, 308p. : ill.
350 ## -
-- 0.00
500 ## - GENERAL NOTE
General note Includes bibliographical references (p. 291-302) and index.
650 ## - SUBJECT ADDED ENTRY--TOPICAL TERM
Topical term or geographic name entry element Mozambique--History--Independence and Civil War, 1975-1994--Causes
650 ## - SUBJECT ADDED ENTRY--TOPICAL TERM
Topical term or geographic name entry element SOUTH AFRICA--POLITICS AND GOVERNMENT
650 ## - SUBJECT ADDED ENTRY--TOPICAL TERM
Topical term or geographic name entry element ANGOLA--HISTORY--SOUTH AFRICAN INCURSIONS, 1978-1990
650 ## - SUBJECT ADDED ENTRY--TOPICAL TERM
Topical term or geographic name entry element POLITICS
650 ## - SUBJECT ADDED ENTRY--TOPICAL TERM
Topical term or geographic name entry element ANGOLA--HISTORY--CIVIL WAR, 1975---CAUSES
650 ## - SUBJECT ADDED ENTRY--TOPICAL TERM
Topical term or geographic name entry element SOUTH AFRICA--RELATIONS--MOZAMBIQUE
650 ## - SUBJECT ADDED ENTRY--TOPICAL TERM
Topical term or geographic name entry element MOZAMBIQUE--RELATIONS--SOUTH AFRICA
856 ## - ELECTRONIC LOCATION AND ACCESS
Uniform Resource Identifier http://www.loc.gov/catdir/description/hol055/94041587.html
995 ## -
-- ANNEX COLLECTION (Main Library)
-- 0.00
-- 726457
-- CBU-MAIN LIBRARY (Kitwe)
-- 2
-- 55.00
-- JC 491 Min
-- 2
-- AVAILABLE
-- 009404
-- Annex Low-Usage Collection
995 ## -
-- ANNEX COLLECTION (Main Library)
-- 0.00
-- 726456
-- CBU-MAIN LIBRARY (Kitwe)
-- 1
-- 55.00
-- JC 491 Min
-- 1
-- AVAILABLE
-- 009403
-- Annex Low-Usage Collection
999 ## -
-- 84265
-- 84265
Holdings
Withdrawn status Lost status Source of classification or shelving scheme Damaged status Not for loan Permanent Location Current Location Shelving location Date acquired Total Checkouts Full call number Barcode Date last seen Copy number Price effective from Koha item type
          CBU-MAIN LIBRARY, KITWE. CBU-MAIN LIBRARY, KITWE.   01/25/2024   JC 491 Min 009404 01/25/2024 1 01/25/2024 MONOGRAPH
          CBU-MAIN LIBRARY, KITWE. CBU-MAIN LIBRARY, KITWE.   01/25/2024   JC 491 Min 009403 01/25/2024 2 01/25/2024 MONOGRAPH